000 00685nam a2200193 a 4500
005 20140412111301.0
008 000824s19uu xx 00 eng d
020 _a0-89375-433-1
050 _aTR(GS 745.59'24
_bS96 1981
100 _aSupraner, Robyn
245 _aPlenty of puppets to make /
_cRobyn Supraner and Lauren Supraner ; illustrated by Renzo Barto.
260 _aU. S. A :
_bTroll Associates,
_c1981.
300 _a47 p.
520 _aInstructions for making puppets from milk cartons, cereal boxes, paper plates, egg cartons, and other materials.
650 _aPuppet making-Juvenile literature
650 _aPuppet making
650 _aHandicraft
999 _c103404
_d103404